[Event "Ceske Budejovice op-A"]
[Site "Ceske Budejovice"]
[Date "2023.07.07"]
[Round "7"]
[White "Kiili, Markus"]
[Black "Toman, Ondrej"]
[Result "1/2-1/2"]
[WhiteElo "2174"]
[BlackElo "2304"]
[PlyCount "68"]
[EventDate "2023.07.01"]
[EventType "swiss"]
[EventRounds "9"]
[EventCountry "CZE"]
[SourceTitle "CBM 215 Extra"]
[Source "ChessBase"]
[SourceDate "2023.09.30"]
[SourceVersion "1"]
[SourceVersionDate "2023.09.30"]
[SourceQuality "1"]

1. e4 c6 2. Nf3 d5 3. d3 g6 4. e5 f6 5. d4 fxe5 6. dxe5 Bg7 7. c4 Bg4 8. Bf4 Nd7 9. cxd5 Nxe5 10. Nc3 Qa5 11. Bxe5 Bxe5 12. Qb3 Bxc3+ 13. bxc3 Bxf3 14. gxf3 cxd5 15. Bh3 Nf6 16. 0-0 0-0 17. Rfe1 Qc7 18. Be6+ Kh8 19. Bxd5 Nxd5 20. Qxd5 Rf5 21. Qd4+ e5 22. Qe4 Raf8 23. Rab1 b6 24. Re3 Rg5+ 25. Kf1 Qf7 26. Rb5 Qxa2 27. Rxe5 Rxe5 28. Qxe5+ Kg8 29. Qc7 Qb1+ 30. Kg2 Qf5 31. Qxa7 Qg5+ 32. Kf1 Qb5+ 33. Kg2 Qg5+ 34. Kf1 Qb5+ 1/2-1/2

[Event "FIN-chT 2223"]
[Site "Finland"]
[Date "2023.04.02"]
[Round "11.2"]
[White "Kiili, Markus"]
[Black "Volodin, Aleksandr"]
[Result "0-1"]
[WhiteElo "2166"]
[BlackElo "2429"]
[PlyCount "106"]
[EventDate "2022.09.24"]
[EventType "team-tourn"]
[EventRounds "11"]
[EventCountry "FIN"]
[SourceTitle "EXT 2024"]
[Source "ChessBase"]
[SourceDate "2023.10.10"]
[SourceVersion "1"]
[SourceVersionDate "2023.10.10"]
[SourceQuality "1"]
[WhiteTeam "Gambiitti"]
[BlackTeam "Tampere Tammer"]
[WhiteTeamCountry "FIN"]
[BlackTeamCountry "FIN"]

1. e4 c5 2. Nf3 d6 3. Bb5+ Nd7 4. Ba4 Ngf6 5. 0-0 e6 6. Re1 Be7 7. c3 a6 8. d4 b5 9. Bc2 Bb7 10. Nbd2 Qc7 11. Nf1 Rc8 12. Bd3 0-0 13. Ng3 Rfe8 14. a4 b4 15. cxb4 cxb4 16. a5 e5 17. Bd2 d5 18. exd5 exd4 19. Rc1 Qxa5 20. Rxc8 Bxc8 21. Nf5 Bf8 22. d6 Nc5 23. Bb1 Bxf5 24. Bxf5 Rd8 25. Ne5 Qb5 26. Bxb4 Bxd6 27. Ba3 d3 28. Nxd3 Nxd3 29. Bxd3 Bxh2+ 30. Kxh2 Rxd3 31. Qe2 h5 32. f3 Qb3 33. Be7 Nd5 34. Bg5 Qb5 35. Qe5 Qd7 36. Qb8+ Kh7 37. Qa8 f6 38. Bc1 Nc7 39. Qe4+ Kg8 40. Bf4 Rd5 41. Bxc7 Qxc7+ 42. Kh1 Qf7 43. Qa4 Rd6 44. Re8+ Kh7 45. Qc2+ f5 46. Qe2 Qd7 47. f4 Rg6 48. g3 h4 49. gxh4 Rg4 50. Re3 Qd4 51. Qf3 Rxh4+ 52. Kg2 Rg4+ 53. Kh1 Qxf4 0-1

[Event "FIN-chT 2223"]
[Site "Finland"]
[Date "2023.02.11"]
[Round "9.5"]
[White "Maki Uuro, Miika"]
[Black "Kiili, Markus"]
[Result "1/2-1/2"]
[WhiteElo "2340"]
[BlackElo "2166"]
[PlyCount "92"]
[EventDate "2022.09.24"]
[EventType "team-tourn"]
[EventRounds "11"]
[EventCountry "FIN"]
[SourceTitle "EXT 2024"]
[Source "ChessBase"]
[SourceDate "2023.10.10"]
[SourceVersion "1"]
[SourceVersionDate "2023.10.10"]
[SourceQuality "1"]
[WhiteTeam "Helsinki Ninja"]
[BlackTeam "Gambiitti"]
[WhiteTeamCountry "FIN"]
[BlackTeamCountry "FIN"]

1. d4 Nf6 2. Nf3 g6 3. g3 Bg7 4. Bg2 0-0 5. 0-0 d6 6. b3 c5 7. c4 Nc6 8. Bb2 Ne4 9. e3 e6 10. Qc2 d5 11. cxd5 exd5 12. dxc5 Nb4 13. Qe2 Nxc5 14. Bxg7 Kxg7 15. a3 Nc6 16. Qb2+ Qf6 17. Qxf6+ Kxf6 18. Nbd2 Be6 19. Rac1 Nd7 20. Rc3 a5 21. Rfc1 Ra6 22. Bf1 Rb6 23. a4 Rd8 24. Bb5 Ndb8 25. Nd4 Bd7 26. Bxc6 Nxc6 27. Nxc6 bxc6 28. Nf3 Ra8 29. Nd4 Raa6 30. f4 Ke7 31. Kf2 Kd6 32. Kf3 f5 33. h4 h5 34. Ke2 Be8 35. Kd2 Rb7 36. Rc5 Rbb6 37. R1c2 Rb7 38. Kd3 Rbb6 39. R2c3 Rb7 40. Kd2 Rbb6 41. Kc1 Rb7 42. Kb2 Rbb6 43. Ka3 Rb7 44. Nc2 Rba7 45. Nd4 Rb7 46. Nc2 Rba7 1/2-1/2

[Event "FIN-chT 2223"]
[Site "Finland"]
[Date "2023.01.15"]
[Round "8.6"]
[White "Paasikangas Tella, Johanna"]
[Black "Kiili, Markus"]
[Result "0-1"]
[WhiteElo "2089"]
[BlackElo "2166"]
[PlyCount "82"]
[EventDate "2022.09.24"]
[EventType "team-tourn"]
[EventRounds "11"]
[EventCountry "FIN"]
[SourceTitle "EXT 2024"]
[Source "ChessBase"]
[SourceDate "2023.10.10"]
[SourceVersion "1"]
[SourceVersionDate "2023.10.10"]
[SourceQuality "1"]
[WhiteTeam "Vantaa EtVaS"]
[BlackTeam "Gambiitti"]
[WhiteTeamCountry "FIN"]
[BlackTeamCountry "FIN"]

1. e4 c5 2. c3 d5 3. exd5 Qxd5 4. d4 Nc6 5. Nf3 Bg4 6. Be2 cxd4 7. cxd4 e6 8. 0-0 Nf6 9. Nc3 Qa5 10. h3 Bh5 11. Be3 Bd6 12. Qb3 Qb4 13. Qxb4 Nxb4 14. g4 Bg6 15. Ne5 Nfd5 16. Nxd5 Nxd5 17. Bd2 f6 18. Nc4 Bc7 19. Bf3 0-0-0 20. Rfe1 Rhe8 21. Rac1 Kb8 22. Bxd5 Rxd5 23. Bc3 Bf4 24. Ne3 Rd7 25. Rcd1 Bf7 26. Ng2 Bc7 27. a3 Red8 28. Rd2 e5 29. Red1 Bb3 30. Re1 exd4 31. Bb4 b6 32. Rd3 Bc4 33. Rf3 d3 34. Bd2 Be5 35. Rxe5 fxe5 36. Re3 Bd5 37. f3 Rf8 38. Ne1 Bb7 39. Kg2 e4 40. Kg3 exf3 41. Kf2 Kc8 0-1

[Event "FIN-chT 2223"]
[Site "Finland"]
[Date "2022.11.05"]
[Round "5.4"]
[White "Wartiovaara, Oliver"]
[Black "Kiili, Markus"]
[Result "1-0"]
[WhiteElo "2253"]
[BlackElo "2166"]
[PlyCount "57"]
[EventDate "2022.09.24"]
[EventType "team-tourn"]
[EventRounds "11"]
[EventCountry "FIN"]
[SourceTitle "EXT 2024"]
[Source "ChessBase"]
[SourceDate "2023.10.10"]
[SourceVersion "1"]
[SourceVersionDate "2023.10.10"]
[SourceQuality "1"]
[WhiteTeam "Espoo MatSK"]
[BlackTeam "Gambiitti"]
[WhiteTeamCountry "FIN"]
[BlackTeamCountry "FIN"]

1. e4 c5 2. Nf3 e6 3. d4 cxd4 4. Nxd4 Nc6 5. Nc3 Qc7 6. g3 a6 7. Bg2 Nf6 8. 0-0 Nxd4 9. Qxd4 Bc5 10. Qd1 d6 11. Bg5 Nd7 12. Na4 Ba7 13. c4 Qb8 14. Bf4 e5 15. Bd2 0-0 16. Bb4 Bd4 17. Nc3 a5 18. Ba3 Bxc3 19. Bxd6 Qa7 20. Bxf8 Bxb2 21. Rb1 Bd4 22. Ba3 Nc5 23. Bb2 Ne6 24. Bh3 Bxb2 25. Rxb2 Nd4 26. Bxc8 Rxc8 27. Qg4 Qc5 28. Rxb7 Qxc4 29. Rfb1 1-0

[Event "FIN-chT 2223"]
[Site "Finland"]
[Date "2022.10.16"]
[Round "4.4"]
[White "Pitkaaho, Aki"]
[Black "Kiili, Markus"]
[Result "1-0"]
[WhiteElo "2184"]
[BlackElo "2166"]
[PlyCount "53"]
[EventDate "2022.09.24"]
[EventType "team-tourn"]
[EventRounds "11"]
[EventCountry "FIN"]
[SourceTitle "EXT 2024"]
[Source "ChessBase"]
[SourceDate "2023.10.10"]
[SourceVersion "1"]
[SourceVersionDate "2023.10.10"]
[SourceQuality "1"]
[WhiteTeam "Raahe Li"]
[BlackTeam "Gambiitti"]
[WhiteTeamCountry "FIN"]
[BlackTeamCountry "FIN"]

1. e4 c5 2. Nf3 e6 3. d4 cxd4 4. Nxd4 Nc6 5. Nc3 Qc7 6. Be3 a6 7. Qf3 Nf6 8. 0-0-0 Ne5 9. Qg3 b5 10. f4 Neg4 11. Bg1 h5 12. h3 b4 13. Nd5 Nxd5 14. exd5 Nf6 15. dxe6 dxe6 16. Kb1 Be7 17. Bd3 0-0 18. Nf3 a5 19. Bd4 a4 20. Ng5 g6 21. Rhe1 Bd8 22. Be5 Qa7 23. f5 exf5 24. Bc4 Kg7 25. Nxf7 Be7 26. Bd4 Qb7 27. Ne5 1-0

[Event "FIN-chT 2223"]
[Site "Finland"]
[Date "2022.09.25"]
[Round "2.6"]
[White "Kiili, Markus"]
[Black "Jonhede, Marko"]
[Result "1-0"]
[WhiteElo "2166"]
[BlackElo "1941"]
[PlyCount "99"]
[EventDate "2022.09.24"]
[EventType "team-tourn"]
[EventRounds "11"]
[EventCountry "FIN"]
[SourceTitle "CBM 210 Extra"]
[Source "ChessBase"]
[SourceDate "2022.11.30"]
[SourceVersion "1"]
[SourceVersionDate "2022.11.30"]
[SourceQuality "1"]
[WhiteTeam "Gambiitti"]
[BlackTeam "Joensuu SK"]
[WhiteTeamCountry "FIN"]
[BlackTeamCountry "FIN"]

1. e4 d6 2. d4 Nf6 3. Nc3 g6 4. Bg5 Bg7 5. Qd2 c6 6. Bh6 Bxh6 7. Qxh6 Qa5 8. Bd3 Qh5 9. Qe3 Nbd7 10. Nge2 e5 11. 0-0-0 Ng4 12. Qg3 exd4 13. Nxd4 Qe5 14. Qxg4 Qxd4 15. Qg3 Qe5 16. f4 Qe7 17. Be2 Nc5 18. Bf3 0-0 19. Rhe1 Rd8 20. f5 Kh8 21. fxg6 hxg6 22. h4 Be6 23. Nd5 cxd5 24. exd5 Kg7 25. dxe6 Nxe6 26. Bd5 Rd7 27. Bxe6 fxe6 28. h5 g5 29. h6+ Kh8 30. Qh3 Re8 31. Rd3 d5 32. Rde3 Rd6 33. Re5 Qf6 34. Qh5 Rg8 35. h7 Rg6 36. a3 d4 37. Qe2 Kxh7 38. Rf1 Qg7 39. Qe4 Kg8 40. Rc5 Rd8 41. Rc7 Qh6 42. g4 Rg7 43. Rxg7+ Kxg7 44. Qxb7+ Kg8 45. Qf7+ Kh8 46. Kb1 e5 47. Qe7 Rg8 48. Qxe5+ Rg7 49. Qxd4 Kg8 50. Qd5+ 1-0

[Event "FIN-chT 2223"]
[Site "Finland"]
[Date "2022.09.24"]
[Round "1.6"]
[White "Paldanius, Pekka"]
[Black "Kiili, Markus"]
[Result "0-1"]
[WhiteElo "2208"]
[BlackElo "2166"]
[PlyCount "69"]
[EventDate "2022.09.24"]
[EventType "team-tourn"]
[EventRounds "11"]
[EventCountry "FIN"]
[SourceTitle "CBM 210 Extra"]
[Source "ChessBase"]
[SourceDate "2022.11.30"]
[SourceVersion "1"]
[SourceVersionDate "2022.11.30"]
[SourceQuality "1"]
[WhiteTeam "Vammala SK"]
[BlackTeam "Gambiitti"]
[WhiteTeamCountry "FIN"]
[BlackTeamCountry "FIN"]

1. d4 Nf6 2. c4 g6 3. Nc3 Bg7 4. e4 d6 5. f3 0-0 6. Be3 c5 7. Nge2 Nbd7 8. Qd2 Qa5 9. Rc1 a6 10. Nd5 Qxd2+ 11. Kxd2 Nxd5 12. cxd5 b6 13. b3 f5 14. dxc5 bxc5 15. Nc3 fxe4 16. fxe4 Rb8 17. h3 Rb4 18. Bc4 Ne5 19. Ne2 a5 20. Nf4 Bd7 21. Nd3 Nxc4+ 22. Rxc4 Rb7 23. Re1 Bb5 24. Rcc1 a4 25. Rb1 axb3 26. axb3 Rfb8 27. Nc1 Ba6 28. e5 Bxe5 29. Kc2 c4 30. Bg5 Kf7 31. Rf1+ Ke8 32. Rf3 cxb3+ 33. Nxb3 Bc4 34. Bh6 Bf6 35. Re1 0-1

[Event "FIN-chT 2022"]
[Site "Finland"]
[Date "2022.04.10"]
[Round "2.5"]
[White "Kivisto, Mikko"]
[Black "Kiili, Markus"]
[Result "0-1"]
[WhiteElo "2225"]
[BlackElo "2168"]
[PlyCount "96"]
[EventDate "2020.09.12"]
[EventType "team-tourn"]
[EventRounds "11"]
[EventCountry "FIN"]
[SourceTitle "EXT 2023"]
[Source "ChessBase"]
[SourceDate "2022.10.05"]
[SourceVersion "1"]
[SourceVersionDate "2022.10.05"]
[SourceQuality "1"]
[WhiteTeam "Espoo MatSK"]
[BlackTeam "Gambiitti"]
[WhiteTeamCountry "FIN"]
[BlackTeamCountry "FIN"]

1. e4 c5 2. b3 Nc6 3. Bb2 Nf6 4. e5 Nd5 5. Nf3 d6 6. Bb5 Bd7 7. exd6 e6 8. 0-0 Bxd6 9. Nc3 Nf6 10. Re1 0-0 11. Ne4 Be7 12. Ng3 Qc7 13. Ne5 Nxe5 14. Bxe5 Qd8 15. Bd3 Bc6 16. Qe2 Qd5 17. f4 g6 18. c4 Qd7 19. Bc3 Rad8 20. Bc2 Rfe8 21. Rad1 Qc7 22. a4 Nd7 23. Nh5 Bf8 24. Be5 Bd6 25. Qg4 Nxe5 26. Nf6+ Kg7 27. Nxe8+ Rxe8 28. fxe5 Bxe5 29. Qh3 Bd4+ 30. Kh1 b6 31. Be4 Bd7 32. d3 Qd8 33. Qg3 Qb8 34. Qf3 Qd6 35. Re2 a5 36. Qg3 Qxg3 37. hxg3 h5 38. Bf3 Rh8 39. Kh2 e5 40. Rde1 Re8 41. Bd5 f5 42. Rf1 Rh8 43. Rf4 Re8 44. Rf3 Kf6 45. Rf1 g5 46. Ree1 g4 47. Be4 Kg5 48. Bd5 Rh8 0-1

[Event "FIN-chT 2022"]
[Site "Finland"]
[Date "2022.04.09"]
[Round "4.6"]
[White "Kiili, Markus"]
[Black "Laakso, Harri"]
[Result "0-1"]
[WhiteElo "2168"]
[BlackElo "2145"]
[PlyCount "120"]
[EventDate "2020.09.12"]
[EventType "team-tourn"]
[EventRounds "11"]
[EventCountry "FIN"]
[SourceTitle "EXT 2023"]
[Source "ChessBase"]
[SourceDate "2022.10.05"]
[SourceVersion "1"]
[SourceVersionDate "2022.10.05"]
[SourceQuality "1"]
[WhiteTeam "Gambiitti"]
[BlackTeam "Vantaa EtVaS"]
[WhiteTeamCountry "FIN"]
[BlackTeamCountry "FIN"]

1. e4 e6 2. d4 d5 3. Nd2 h6 4. Ngf3 Nf6 5. Bd3 c5 6. e5 Nfd7 7. c4 dxc4 8. Nxc4 Nb6 9. 0-0 Nc6 10. Bf4 Nxc4 11. Bxc4 Nxd4 12. Rc1 Qb6 13. Nxd4 cxd4 14. Qg4 Bd7 15. h4 h5 16. Qg3 Bc6 17. Rfd1 0-0-0 18. Rb1 Kb8 19. b4 Bd5 20. Bxd5 Rxd5 21. a3 g6 22. Rd3 Bg7 23. Re1 Rc8 24. Bd2 Rc2 25. f4 Bh6 26. Re4 a6 27. Be1 Bf8 28. Bf2 Rc4 29. Qf3 a5 30. bxa5 Qxa5 31. Kh2 Bc5 32. Be1 Qa6 33. Re2 Ra4 34. Ra2 Bb4 35. Bxb4 Rxb4 36. Rad2 Rc4 37. Qd1 Qb6 38. Qa1 Qc5 39. Rb3 Rd7 40. Qb1 Rc3 41. Rxc3 Qxc3 42. Rd3 Qc6 43. Qb4 Qe4 44. Rf3 Qc6 45. Rd3 Qe4 46. Rf3 Qc2 47. Qb5 Qc6 48. Qd3 Qd5 49. Rf2 Rc7 50. Rd2 Rc4 51. Rb2 Rc3 52. Qd2 Qe4 53. Rb4 Rd3 54. Qc1 Re3 55. Rc4 Qxf4+ 56. Kg1 Qxe5 57. Rc8+ Ka7 58. Kf1 Rc3 59. Rxc3 dxc3 60. Qc2 Qf5+ 0-1

[Event "FIN-chT 2022"]
[Site "Finland"]
[Date "2022.03.12"]
[Round "5.5"]
[White "Nivala, Tuomas"]
[Black "Kiili, Markus"]
[Result "1-0"]
[WhiteElo "2226"]
[BlackElo "2168"]
[PlyCount "81"]
[EventDate "2020.09.12"]
[EventType "team-tourn"]
[EventRounds "11"]
[EventCountry "FIN"]
[SourceTitle "EXT 2023"]
[Source "ChessBase"]
[SourceDate "2022.10.05"]
[SourceVersion "1"]
[SourceVersionDate "2022.10.05"]
[SourceQuality "1"]
[WhiteTeam "Jyvaskyla JyS"]
[BlackTeam "Gambiitti"]
[WhiteTeamCountry "FIN"]
[BlackTeamCountry "FIN"]

1. e4 c5 2. Nf3 e6 3. b3 b6 4. Bb2 Bb7 5. Qe2 Nf6 6. Nc3 Be7 7. 0-0-0 d6 8. d4 cxd4 9. Nxd4 Nbd7 10. Ndb5 Qb8 11. g4 Nc5 12. Bg2 e5 13. g5 Nfd7 14. Qd2 Ne6 15. h4 0-0 16. Nxd6 Bc6 17. Nf5 Bc5 18. Nd5 Re8 19. Nb4 Bxb4 20. Qxb4 Ndc5 21. Nd6 a5 22. Qe1 Nf4 23. Nxe8 Qxe8 24. Bf3 a4 25. Qc3 Bxe4 26. Kb1 a3 27. Ba1 Rc8 28. Bxe4 Nxe4 29. Qxe5 Qxe5 30. Bxe5 Ne2 31. Rd7 f6 32. gxf6 gxf6 33. f3 fxe5 34. fxe4 Nc3+ 35. Ka1 Nxe4 36. Rg1+ Kf8 37. c4 Rc5 38. Ra7 b5 39. Rd1 Ke8 40. Rd5 Rxd5 41. cxd5 1-0

[Event "Jyvaskyla Winter WE op"]
[Site "Jyvaskyla"]
[Date "2020.02.02"]
[Round "5"]
[White "Keso, Elias"]
[Black "Kiili, Markus"]
[Result "1/2-1/2"]
[WhiteElo "2200"]
[BlackElo "2189"]
[PlyCount "62"]
[EventDate "2020.01.31"]
[EventType "swiss"]
[EventRounds "5"]
[EventCountry "FIN"]
[SourceTitle "EXT 2021"]
[Source "ChessBase"]
[SourceDate "2020.10.23"]
[SourceVersion "1"]
[SourceVersionDate "2020.10.23"]
[SourceQuality "1"]

1. e4 c5 2. Nf3 e6 3. d4 cxd4 4. Nxd4 Nc6 5. Nc3 Qc7 6. g3 a6 7. Bg2 Nf6 8. 0-0 Nxd4 9. Qxd4 Bc5 10. Bf4 d6 11. Qd2 h6 12. Rfd1 e5 13. Be3 Be6 14. a4 b6 15. Bxc5 dxc5 16. Qd6 Qxd6 17. Rxd6 Rb8 18. a5 bxa5 19. Rxa6 0-0 20. Nd1 Rfc8 21. R6xa5 Nd7 22. b3 c4 23. bxc4 Rxc4 24. Ne3 Rc3 25. Ra8 Rxa8 26. Rxa8+ Kh7 27. Kf1 Nb6 28. Ra1 Nc4 29. Nxc4 Bxc4+ 30. Kg1 Rxc2 31. Bf1 Bxf1 1/2-1/2

[Event "Tampere Tammer Autumn op"]
[Site "Tampere"]
[Date "2019.10.13"]
[Round "3"]
[White "Keso, Elias"]
[Black "Kiili, Markus"]
[Result "1-0"]
[WhiteElo "2237"]
[BlackElo "2208"]
[PlyCount "95"]
[EventDate "2019.10.12"]
[EventType "swiss"]
[EventRounds "4"]
[EventCountry "FIN"]
[SourceTitle "EXT 2021"]
[Source "ChessBase"]
[SourceDate "2020.10.23"]
[SourceVersion "1"]
[SourceVersionDate "2020.10.23"]
[SourceQuality "1"]

1. e4 c5 2. Nf3 e6 3. d4 cxd4 4. Nxd4 Nc6 5. Nc3 Qc7 6. Be2 a6 7. 0-0 Nf6 8. Be3 Be7 9. f4 d6 10. Kh1 0-0 11. Qe1 Nxd4 12. Bxd4 b5 13. a3 Bb7 14. Qg3 Rad8 15. Rae1 Bc6 16. Bd3 Qd7 17. Nd1 Kh8 18. Re3 h6 19. Nf2 Rg8 20. Ng4 Nxg4 21. Qxg4 e5 22. Qxd7 Rxd7 23. fxe5 dxe5 24. Bxe5 Bc5 25. Ref3 f6 26. Rxf6 gxf6 27. Rxf6 Rg5 28. Rxh6+ Kg8 29. Bf4 Rg4 30. Rxc6 Rxf4 31. g3 Rxd3 32. gxf4 Rd1+ 33. Kg2 Bd4 34. c3 Bg7 35. b4 Rd3 36. Rxa6 Rxc3 37. Ra5 Bh6 38. Rxb5 Bxf4 39. a4 Re3 40. a5 Rxe4 41. Kf3 Rc4 42. a6 Bxh2 43. a7 Rc8 44. Rb7 Kf8 45. b5 Ke8 46. b6 Bd6 47. Rh7 Kd8 48. Rh8+ 1-0

[Event "Tampere Tammer Autumn op"]
[Site "Tampere"]
[Date "2019.10.12"]
[Round "2"]
[White "Kiili, Markus"]
[Black "Karttunen, Mika"]
[Result "0-1"]
[WhiteElo "2208"]
[BlackElo "2473"]
[PlyCount "108"]
[EventDate "2019.10.12"]
[EventType "swiss"]
[EventRounds "4"]
[EventCountry "FIN"]
[SourceTitle "EXT 2021"]
[Source "ChessBase"]
[SourceDate "2020.10.23"]
[SourceVersion "1"]
[SourceVersionDate "2020.10.23"]
[SourceQuality "1"]

1. e4 c5 2. Nf3 Nc6 3. Bb5 g6 4. Bxc6 dxc6 5. h3 Bg7 6. d3 e5 7. Nbd2 Be6 8. b3 f6 9. Bb2 Ne7 10. Qe2 h5 11. a3 a5 12. a4 Qc7 13. Bc3 b6 14. Nc4 h4 15. Nh2 b5 16. Ne3 f5 17. 0-0 Kf7 18. Qe1 b4 19. Bb2 f4 20. Neg4 Bxg4 21. Nxg4 Rad8 22. f3 Qd6 23. Rd1 g5 24. Qe2 Ng6 25. Rfe1 Rd7 26. Nh2 Rhd8 27. Nf1 c4 28. bxc4 b3 29. cxb3 Rb8 30. Qc2 Qb4 31. Bc3 Qxb3 32. Qxb3 Rxb3 33. Bxa5 Bf8 34. d4 exd4 35. e5 Ke6 36. Nd2 Re3 37. Ne4 Nxe5 38. Nxg5+ Kf5 39. Ne4 Nxc4 40. Bd2 Nxd2 41. Nxd2 Bb4 42. Rf1 Ra3 43. Nc4 Rc3 44. Nd2 Rc2 45. Ne4 d3 46. Ra1 Ba5 47. Rfd1 Bb6+ 48. Kf1 Be3 49. a5 Rg7 50. a6 Rgxg2 51. Ra5+ Kg6 52. Rg5+ Rxg5 53. Nxg5 Rf2+ 54. Ke1 d2+ 0-1

[Event "Jyvaskyla Winter op-A 40th"]
[Site "Jyvaskyla"]
[Date "2019.02.03"]
[Round "4"]
[White "Hytonen, Timo"]
[Black "Kiili, Markus"]
[Result "1/2-1/2"]
[WhiteElo "2081"]
[BlackElo "2215"]
[PlyCount "54"]
[EventDate "2019.02.01"]
[EventType "swiss"]
[EventRounds "5"]
[EventCountry "FIN"]
[SourceTitle "EXT 2021"]
[Source "ChessBase"]
[SourceDate "2020.10.23"]
[SourceVersion "1"]
[SourceVersionDate "2020.10.23"]
[SourceQuality "1"]

1. d4 Nf6 2. Bg5 c6 3. Bxf6 exf6 4. e3 f5 5. c4 d6 6. Nc3 Nd7 7. Qd3 Nf6 8. g3 g6 9. Bg2 Bg7 10. Nge2 0-0 11. 0-0 Re8 12. b4 Bd7 13. Rab1 Qc7 14. b5 a6 15. bxc6 bxc6 16. Rb3 Reb8 17. Rfb1 Rxb3 18. Rxb3 Bc8 19. Qb1 Nd7 20. Na4 Rb8 21. Nec3 Rxb3 22. Qxb3 Bf8 23. Nb2 Bb7 24. Nd3 Be7 25. Nb4 Bd8 26. Nd3 Be7 27. Nb4 Bd8 1/2-1/2

[Event "Jyvaskyla Winter op-A 40th"]
[Site "Jyvaskyla"]
[Date "2019.02.02"]
[Round "2"]
[White "Seppala, Aki"]
[Black "Kiili, Markus"]
[Result "1/2-1/2"]
[WhiteElo "2085"]
[BlackElo "2215"]
[PlyCount "130"]
[EventDate "2019.02.01"]
[EventType "swiss"]
[EventRounds "5"]
[EventCountry "FIN"]
[SourceTitle "EXT 2021"]
[Source "ChessBase"]
[SourceDate "2020.10.23"]
[SourceVersion "1"]
[SourceVersionDate "2020.10.23"]
[SourceQuality "1"]

1. e4 c5 2. c3 d5 3. exd5 Qxd5 4. d4 Nf6 5. Nf3 e6 6. Bd3 Be7 7. 0-0 0-0 8. Qe2 Rd8 9. Rd1 Nc6 10. dxc5 Qxc5 11. Nbd2 Bd7 12. Ne4 Qh5 13. Ng3 Qa5 14. Ng5 g6 15. Bc4 Qe5 16. Qf3 Be8 17. Bf4 Qc5 18. Bb3 Nd5 19. N5e4 Qa5 20. Bh6 Ne5 21. Qe2 Qc7 22. c4 Nb6 23. Bf4 f6 24. Ng5 Bf7 25. Nxf7 Kxf7 26. Bxe5 Qxe5 27. Qxe5 fxe5 28. Re1 Rac8 29. Rxe5 Nxc4 30. Re4 b5 31. Rc1 Bf6 32. Bxc4 bxc4 33. Rexc4 Rxc4 34. Rxc4 Rd2 35. Rc7+ Kg8 36. Rxa7 Rxb2 37. Kf1 Be5 38. Ne4 h6 39. a4 Ra2 40. h3 g5 41. a5 Ra4 42. f3 Ra1+ 43. Ke2 Ra2+ 44. Kd3 Rxg2 45. Nc5 Rf2 46. a6 Rxf3+ 47. Ke4 Rc3 48. Kxe5 Rxc5+ 49. Kxe6 Rc6+ 50. Kd7 Rf6 51. Ra8+ Kg7 52. Ke7 Rf7+ 53. Ke6 Rf6+ 54. Ke5 Rb6 55. Kd5 Rf6 56. Kc5 Rf5+ 57. Kd6 Rf6+ 58. Ke5 Rb6 59. a7 Ra6 60. Kd5 Ra1 61. Kc5 Rc1+ 62. Kb6 Rb1+ 63. Ka5 Ra1+ 64. Kb4 Ra2 65. Kb3 Ra1 1/2-1/2

[Event "FIN-chT1B 1819"]
[Site "Finland"]
[Date "2019.01.12"]
[Round "5.3"]
[White "Kiili, Markus"]
[Black "Hintikka, Eero"]
[Result "1-0"]
[WhiteElo "2211"]
[BlackElo "2082"]
[PlyCount "77"]
[EventDate "2018.09.15"]
[EventType "team-tourn"]
[EventRounds "7"]
[EventCountry "FIN"]
[SourceTitle "EXT 2020"]
[Source "ChessBase"]
[SourceDate "2019.10.17"]
[SourceVersion "1"]
[SourceVersionDate "2019.10.17"]
[SourceQuality "1"]
[WhiteTeam "Vantaa Gambitti"]
[BlackTeam "Jyvaskyla JyS II"]
[WhiteTeamCountry "FIN"]
[BlackTeamCountry "FIN"]

1. e4 e5 2. Nf3 Nc6 3. Bb5 Nf6 4. Bxc6 dxc6 5. d3 Bc5 6. 0-0 Qe7 7. Nbd2 Bg4 8. h3 Bh5 9. Nc4 0-0-0 10. Qe2 Nd7 11. c3 h6 12. b4 Bd6 13. Qe3 Kb8 14. a4 g5 15. Nh2 Bg6 16. b5 c5 17. Bd2 f5 18. f3 Nf6 19. a5 Qe6 20. b6 cxb6 21. axb6 a6 22. Na5 Qd7 23. Qf2 Rc8 24. c4 Rhf8 25. exf5 Bxf5 26. Ra3 Rce8 27. Be3 Qc8 28. Nxb7 Qxb7 29. Rfa1 Nd7 30. Rxa6 Nxb6 31. Bxc5 Bxc5 32. Qxc5 Rf6 33. Qa5 Re7 34. c5 Bxd3 35. Rxb6 Rxb6 36. cxb6 e4 37. Qc5 Qd7 38. Ra7 Qe6 39. Rxe7 1-0

[Event "FIN-chT1A 1718"]
[Site "Finland"]
[Date "2017.09.16"]
[Round "1.2"]
[White "Kiili, Markus"]
[Black "Marjusaari, Eero"]
[Result "1-0"]
[WhiteElo "2233"]
[BlackElo "2090"]
[PlyCount "143"]
[EventDate "2017.09.16"]
[EventType "team-tourn"]
[EventRounds "7"]
[EventCountry "FIN"]
[SourceTitle "EXT 2020"]
[Source "ChessBase"]
[SourceDate "2019.10.17"]
[SourceVersion "1"]
[SourceVersionDate "2019.10.17"]
[SourceQuality "1"]
[WhiteTeam "Vantaa Remi"]
[BlackTeam "Raahe Li"]
[WhiteTeamCountry "FIN"]
[BlackTeamCountry "FIN"]

1. e4 e6 2. d4 d5 3. Nd2 Be7 4. Bd3 c5 5. dxc5 Bxc5 6. Ngf3 Nc6 7. 0-0 Nf6 8. exd5 exd5 9. Nb3 Be7 10. h3 0-0 11. Bf4 Ne4 12. Re1 Bf6 13. c3 Bf5 14. Qc2 Bg6 15. Re2 Rc8 16. a3 Qb6 17. Be3 Qc7 18. Rae1 Rfe8 19. Nbd4 a6 20. Nxc6 Qxc6 21. Bd4 Bxd4 22. Nxd4 Qd7 23. Re3 Nd6 24. Bxg6 hxg6 25. Rxe8+ Rxe8 26. Rd1 Nc4 27. Qb3 Qc7 28. Nf3 Qb6 29. Qxb6 Nxb6 30. b3 Re2 31. Re1 Rxe1+ 32. Nxe1 f6 33. Nd3 Nc8 34. Nf4 Ne7 35. Ne6 b6 36. f3 Nc6 37. b4 a5 38. Kf2 Kf7 39. Nf4 axb4 40. cxb4 Ne7 41. Ke3 g5 42. Ne2 Nf5+ 43. Kd3 Nh4 44. Nc3 Ke6 45. Na4 Nxg2 46. Nxb6 Nf4+ 47. Kd4 Kd6 48. a4 Ne6+ 49. Kd3 Nf4+ 50. Kd4 Ne6+ 51. Kc3 Kc6 52. a5 Nc7 53. Nc8 Nb5+ 54. Kd3 Kd7 55. Nb6+ Kc6 56. Na4 d4 57. Nc5 Kd5 58. a6 Na7 59. Nb3 Kc6 60. Nxd4+ Kb6 61. b5 Kc5 62. Ke4 g6 63. Nc6 Nxb5 64. a7 Nc7 65. Ne7 Na8 66. Nxg6 Kb6 67. Kf5 Kxa7 68. Kxf6 Nc7 69. Kxg5 Kb6 70. h4 Kc6 71. h5 Ne6+ 72. Kf6 1-0